Marketing (Record no. 2626)
[ view plain ]
| 005 - DATE AND TIME OF LATEST TRANSACTION | |
|---|---|
| control field | 20250524102511.0 |
| 020 ## - INTERNATIONAL STANDARD BOOK NUMBER | |
| International Standard Book Number | 0-256-07513-1 |
| 082 ## - DEWEY DECIMAL CLASSIFICATION NUMBER | |
| Classification number | 658. 8 BER |
| 100 ## - MAIN ENTRY--PERSONAL NAME | |
| Author name | BERKOWITZ, E. C. |
| 245 ## - TITLE STATEMENT | |
| Title | Marketing |
| 250 ## - EDITION STATEMENT | |
| Edition statement | 2nd Ed. |
| 260 ## - PUBLICATION, DISTRIBUTION, ETC. | |
| Place of publication, distribution, etc. | Boston, |
| Name of publisher, distributor, etc. | Irwin, |
| Date of publication, distribution, etc. | 1989. |
| 300 ## - PHYSICAL DESCRIPTION | |
| Extent | xxv, 752p.: ill.; figure, picture, table. |
| Other physical details | Bibliography, Glossary, index. |
| Dimensions | 27cm. |
| 700 ## - ADDED ENTRY--PERSONAL NAME | |
| Other authors/Editors | KERIN, R. A. & RUDELIUS, W. |
| 942 ## - ADDED ENTRY ELEMENTS (KOHA) | |
| Source of classification or shelving scheme | Dewey Decimal Classification |
| Koha item type | Books |
| Date last seen | Total checkouts | Full call number | Barcode | Cost, replacement price | Price effective from | Koha item type | Lost status | Source of classification or shelving scheme | Damaged status | Not for loan | Withdrawn status | Home library | Current library | Shelving location | Date acquired | Cost, normal purchase price |
|---|---|---|---|---|---|---|---|---|---|---|---|---|---|---|---|---|
| 05/24/2025 | 658. 8 BER | 0000009786 | 30000.00 | 05/24/2025 | Books | Dewey Decimal Classification | College of Business Education Main Library | College of Business Education Main Library | General Collection | 08/19/1992 | 10000.00 | |||||
| 05/24/2025 | 658. 8 BER | 0000009787 | 30000.00 | 05/24/2025 | Books | Dewey Decimal Classification | College of Business Education Main Library | College of Business Education Main Library | General Collection | 08/19/1992 | 10000.00 | |||||
| 05/24/2025 | 658. 8 BER | 0000009788 | 30000.00 | 05/24/2025 | Books | Dewey Decimal Classification | College of Business Education Main Library | College of Business Education Main Library | General Collection | 08/19/1992 | 10000.00 | |||||
| 05/24/2025 | 658. 8 BER | 0000009789 | 30000.00 | 05/24/2025 | Books | Dewey Decimal Classification | College of Business Education Main Library | College of Business Education Main Library | General Collection | 08/19/1992 | 10000.00 | |||||
| 05/24/2025 | 658. 8 BER | 0000009790 | 30000.00 | 05/24/2025 | Books | Dewey Decimal Classification | College of Business Education Main Library | College of Business Education Main Library | General Collection | 08/19/1992 | 10000.00 |
